|
|
|
|
| LEADER |
00000nab a2200000 a 4500 |
| 001 |
vtls000099298 |
| 003 |
SK-MaSNL |
| 005 |
20260304201147.0 |
| 008 |
111104c1981 xo 0 slo |
| 015 |
|
|
|a SNBRB19rr/mm-uuuuu
|
| 035 |
|
|
|a CL0109401
|
| 040 |
|
|
|a SNKBUCL
|b slo
|c SNKBUCL
|e AACR2
|
| 041 |
0 |
|
|a slo
|
| 044 |
|
|
|a xo
|c SK
|
| 080 |
|
|
|a 784.66
|2 1981
|
| 245 |
0 |
0 |
|a Naším cieľom je vyššia kvalita
|b Sonda do slovenskej amatérskej hudobnej scény ; Alojz Berec, Miloš Janoušek, Marcel Daniš, Vladimír Petr
|
| 650 |
0 |
7 |
|a populárna hudba
|2 snkbucl
|9 3428
|
| 655 |
|
7 |
|a články z novín a časopisov
|2 snkbucl
|9 267496
|
| 700 |
1 |
|
|a Berec, Alojz
|4 aut
|9 1003125
|
| 700 |
1 |
|
|a Janoušek, Miloš,
|d 1952-2023
|4 aut
|9 222011
|
| 700 |
1 |
|
|a Daniš, Marcel
|4 aut
|9 1532641
|
| 700 |
1 |
|
|a Petr, Vladimír
|4 aut
|9 572958
|
| 773 |
0 |
|
|t Rytmus
|g Roč. 32, č. 10 (1981), s. 26-27
|
| 850 |
|
|
|a Slovenská národná knižnica v Martine
|a MTA001
|
| 852 |
|
|
|a SNK
|b KIS3GCP
|
| 958 |
|
|
|a RK
|
| 992 |
|
|
|a RBX
|
| 999 |
|
|
|c 3093539
|d 3095469
|